000 00605nam a2200229Ia 4500
003 OSt
005 20251029191922.0
008 210423s2013 xx 000 0 und d
020 _a978-81-203-4553-9
040 _cAL
041 _aEnglish
082 _a350
_bHENP
100 _aNicholas Henry
_990074
245 _aPublic administration and public affairs
250 _a12
260 _aNew Delhi
_bPHI Learning Pvt Ltd
_c2013
300 _axiv,482
_bPB
365 _b450
_cINR
650 _aPublic Administration
_990075
906 _a12 ; administration ; affairs ; Public
942 _2ddc
_cBK
999 _c170058
_d170058